| 000 | 00681nam a2200241Ia 4500 | ||
|---|---|---|---|
| 001 | 1687 | ||
| 003 | GE_BSU | ||
| 008 | 181216s||||||||xx |||||||||||||| ||und|| | ||
| 020 | _a5150003964 | ||
| 040 | _cGE_BSU | ||
| 080 | _a94(470)(075.8) | ||
| 100 | _aБоханов,А.Н. | ||
| 245 | _aИстория России. .(С древнейших времен до конца XX века) | ||
| 245 | _bДля студ. вузов | ||
| 245 | _cОтв.ред.В.П.Дмитренко | ||
| 260 | _aМосква | ||
| 260 | _bИзд-во АСТ | ||
| 260 | _c1998 | ||
| 300 | _a608стр. 19см. | ||
| 541 | _h18л. | ||
| 653 | _aИстория России | ||
| 942 | _cBK | ||
| 999 |
_c35801 _d35801 |
||